00261nam a22001097a 4500008004100000020001500041041000800056080000800064100000700072101000800079245006400087181023b xxu||||| |||| 00| 0 eng d a0669270490 aeng a941 a16 ahis aMajor Problems In American Indian HistorycHurtado.A L